| 000 | 01069nas a2200361 4500 | ||
|---|---|---|---|
| 001 | BR0404981 | ||
| 003 | BR-BrBNA | ||
| 005 | 20231205104914.0 | ||
| 007 | ta | ||
| 008 | 230509b bl.|||p| |||| 00| 00por d | ||
| 040 |
_aBR-BrBNA _bpor _cBiblioteca Nacional de Agricultura |
||
| 041 | _a(En) | ||
| 072 | _aF30; H20; H50 | ||
| 100 | 1 | _aKuramae, E.E. | |
| 100 | 1 | _aFenille, R.C. | |
| 100 | 1 | _aRosa Júnior, V.E. | |
| 100 | 1 | _aDias, D.R. | |
| 100 | 1 | _aMonteiro, J.P. | |
| 100 | 1 | _aGimenes, M.A. | |
| 100 | 1 | _aPalmieri, D.A. | |
| 100 | 1 | _aLima, M.M.Fávaro, R.D. | |
| 245 | 1 | _aMining of sugarcane ESTs involved in the mechanisms against plant pathogen and environmental stress | |
| 650 | _aCANA DE AÇÚCAR | ||
| 650 | _aGENE | ||
| 650 | _aGENOMA | ||
| 650 | _aVARIEDADE RESISTENTE | ||
| 650 | _aPATÓGENO | ||
| 650 | _aCONDIÇÃO AMBIENTAL | ||
| 650 | _aSTRESS | ||
| 773 | 0 |
_tSumma Phytopathologica (Brazil) _xISSN 0100-5405 _g(Oct-Dec 2002), v. 28(4) p. 315-324 _wBR0404981 |
|
| 909 |
_a202311 _bLúcia _c55 _dLúcia Elande |
||
| 942 |
_2AGRIS _n0 _cANA |
||
| 999 |
_c180225 _d180225 |
||